Statistics for Buffalo Sabres Captains

Click here to take the quiz!

General Stats

  • This quiz has been taken 18 times
    (14 since last reset)
  • The average score is 11 of 30

Answer Stats

YearsAnswer% Correct
2019-CurrentJack Eichel
100%
2012-13Jason Pominville
83%
2014Thomas Vanek
83%
1982-87Gilbert Perreault
83%
2004-07Daniel Briere
75%
1993-97Pat LaFontaine
67%
2004-07Chris Drury
67%
1989-91Mike Foligno
50%
1994Alexander Mogilny
50%
1998-00Michael Peca
50%
1978-82Danny Gare
50%
1991-93Mike Ramsey
42%
1987-89Lindy Ruff
42%
2009-11Craig Rivet
33%
2008Brian Campbell
33%
2008Jochen Hecht
33%
2015-17Brian Gionta
25%
1971Floyd Smith
25%
2002-03Stu Barnes
25%
2004J.P. Dumont
17%
1998Donald Audette
17%
2014Steve Ott
17%
1975-77Jim Schoenfeld
17%
2004Miroslav Satan
17%
2004James Patrick
8%
2008Jaroslav Spacek
8%
2008Toni Lydman
8%
1972-75Gerry Meehan
8%
2000Doug Gilmour
8%
2000Chris Gratton
0%

Score Distribution

Percentile by Number Answered

Percent of People with Each Score

Your Score History

You have not taken this quiz since the last reset